ბათუმის შოთა რუსთაველის სახელმწიფო უნივერსიტეტის ბიბლიოთეკა

Самадло : (ბიბ.ჩანაწერი № 60865)

000 -LEADER
fixed length control field 01255nam a22002057a 4500
005 - DATE AND TIME OF LATEST TRANSACTION
control field 20231113113311.0
008 - FIXED-LENGTH DATA ELEMENTS--GENERAL INFORMATION
fixed length control field 231113s1979 ru ||||| |||| 00| 0 rus d
041 ## - LANGUAGE CODE
Language code of text/sound track or separate title rus
080 ## - UNIVERSAL DECIMAL CLASSIFICATION NUMBER
Universal Decimal Classification number 902.2(479.22)(084).3 Г-12
100 ## - MAIN ENTRY--PERSONAL NAME
Personal name Гагошидзе, Ю. М.
9 (RLIN) 20343
245 ## - TITLE STATEMENT
Title Самадло :
Remainder of title (Археологические раскопки) /
Statement of responsibility, etc. Ю.М. Гагошидзе; Академия Наук Грузинской ССР. Государственный музей Грузии им. С.Н. Джанашиа.
264 ## - PRODUCTION, PUBLICATION, DISTRIBUTION, MANUFACTURE, AND COPYRIGHT NOTICE
Place of production, publication, distribution, manufacture Тбилиси :
Name of producer, publisher, distributor, manufacturer Мецниереба,
Date of production, publication, distribution, manufacture, or copyright notice 1979.
300 ## - PHYSICAL DESCRIPTION
Extent 134 стр.:
Other physical details ил. карта ;
Dimensions 25 см.
500 ## - GENERAL NOTE
General note შენიშვნები: გვ. 101-124.
საძიებლები: გვ. 126-133.
521 ## - TARGET AUDIENCE NOTE
Target audience note დამატებითი თავფურცელი ქართულ ენაზე.
653 ## - INDEX TERM--UNCONTROLLED
keyword არქეოლოგიური გათხრები აღმოსავლეთ საქართველოში.
653 ## - INDEX TERM--UNCONTROLLED
keyword არქეოლოგია
710 ## - ADDED ENTRY--CORPORATE NAME
Corporate name or jurisdiction name as entry element Академия Наук Грузинской ССР.
Date of meeting or treaty signing Государственный музей Грузии им. С.Н. Джанашиа
9 (RLIN) 20344
942 ## - ADDED ENTRY ELEMENTS (KOHA)
Source of classification or shelving scheme
Koha item type წიგნი
ეგზემპლარები
Withdrawn status Lost status Source of classification or shelving scheme Damaged status Not for loan Permanent Location Current Location Shelving location Date acquired Cost, normal purchase price Full call number Barcode Date last seen Copy number Uniform Resource Identifier Price effective from Koha item type Public note
          ბათუმის შოთა რუსთაველის სახელმწიფო უნივერსიტეტის მთავარი ბიბლიოთეკა ბათუმის შოთა რუსთაველის სახელმწიფო უნივერსიტეტის მთავარი ბიბლიოთეკა წიგნსაცავი 2023-11-13 6.00 902.2(479.22)(084).3 Г-12 65419 2023-11-13 65419 ბსუ-ს საპატიო დოქტორის გურამ ლორთქიფანიძის საჩუქარი 2023-11-13 წიგნი 6 ლ.